000 00270nam a2200097Ia 4500
008 230915s9999 xx 000 0 und d
050 _aSB307 .P76 1982
100 _aM.K. NAIR
245 0 _aPROCEEDINGS OF THE NATIONAL SEMINAR ON GINGER AND TURMERIC CALICUT
942 _cBK
999 _c201765
_d201765